|
|
|
|
| LEADER |
00957nam a2200241 a 4500 |
| 001 |
13355679 |
| 008 |
100111s2002 enka e b 001 0 eng d |
| 010 |
|
|
|a 2003501398
|
| 020 |
|
|
|a 1840463643 (pbk.)
|
| 040 |
|
|
|a DLC
|c DLC
|d DLC
|d BD-DhAAL
|
| 082 |
0 |
0 |
|a 301
|2 22
|
| 100 |
1 |
|
|a Davies, Merryl Wyn.
|
| 245 |
1 |
0 |
|a Introducing anthropology /
|c Merryl Wyn Davies and Piero ; edited by Richard Appignanensi.
|
| 246 |
3 |
0 |
|a Anthropology
|
| 260 |
|
|
|a Cambridge :
|b Icon :
|b Totem Books USA ;
|a Lanham, Md.
|b Distributed in the USA by National Book Network,
|c 2002.
|
| 300 |
|
|
|a 176 p. :
|b ill. ;
|c 21 cm.
|
| 504 |
|
|
|a Includes bibliographical references and index.
|
| 541 |
1 |
|
|e 00014414
|
| 650 |
|
0 |
|a Anthropology.
|
| 700 |
0 |
|
|a Piero.
|
| 852 |
4 |
|
|a Ayesha Abed Library
|j General Shelf.
|
| 999 |
|
|
|c 6860
|d 6860
|
| 952 |
|
|
|0 0
|1 4
|2 ddc
|4 0
|6 301_000000000000000_DAV
|7 0
|9 7072
|a BRACUL
|b BRACUL
|c GEN
|d 2010-01-11
|l 0
|o 301 DAV
|p 3010014414
|r 2010-01-11
|t 1
|w 2010-01-11
|y BK
|x Koha Inventory 2020
|